All European Football Clubs that have won the treble - Statistics

General Stats
  • This quiz has been taken 82 times
  • The average score is 7 of 8
Answer Stats
Team Year % Correct
Manchester United 1998-99
97%
Manchester City 2022-23
96%
Barcelona 2008-09
95%
Bayern München 2012-13
92%
Inter Milan 2009-10
87%
Ajax 1971-72
84%
Celtic 1966-67
70%
PSV Eindhoven 1987-88
62%
No matching quizzes found
Score Distribution
Percent of People with Each Score
Percentile by Number Answered
Your Score History
You have not taken this quiz